Estadísticas para Ciudades más grandes de Asia

Haz click aquí para intentar la prueba.

Estadísticas generales

  • Esta prueba ha sido intentada 934 veces
  • La puntuación promedio es 27 de 51

Estadísticas de respuestas

PoblaciónÁrea urbana% Correcto
21,2 MPekín
97%
41,0 MTokio
97%
34,6 MNueva Delhi
94%
25,1 MSeúl
90%
29,2 MYakarta
87%
21,2 MBangkok
84%
40,8 MShanghái
84%
27,1 MBombay
80%
27,2 MManila
80%
16,5 MTeherán
80%
9,30 MKuala Lumpur
78%
17,7 MCalcuta
77%
70,1 MCantón / Shenzhen
77%
7,25 MHong Kong
76%
17,7 MOsaka
76%
7,85 MSingapur
76%
7,65 MBagdad
75%
9,95 MTaipéi
71%
15,9 MEstambul
69%
7,50 MRiad
69%
22,5 MDaca
68%
7,15 MHanói
62%
20,9 MKarachi
60%
13,9 MCiudad Ho Chi Minh
58%
14,2 MBangalore
51%
12,6 MChennai
45%
14,5 MLahore
45%
10,5 MNagoya
43%
11,5 MTianjin
41%
12,8 MXi'an
41%
6,55 MJinan
40%
6,50 MKunming
40%
12,2 MWuhan
39%
17,3 MChengdu
36%
14,9 MXiamen
34%
11,0 MChangsha
31%
11,4 MHyderabad
31%
9,30 MNankín
27%
10,9 MChongqing
26%
9,60 MAhmedabad
25%
13,9 MHangzhou
24%
6,95 MBandung
22%
7,30 MNingbo
22%
7,45 MQingdao
19%
8,70 MShenyang
19%
7,75 MPune
18%
6,20 MShijiazhuang
18%
7,75 MSurat
17%
9,80 MZhengzhou
15%
8,00 MShantou
14%
7,80 MHefei
13%

Distribución de puntuación

Porcentaje por número respondido

Porcentaje de gente con cada puntuación

Historial de tus puntuaciones

No has intentado esta prueba.